[Event "XingQiu Open"]
[Site "Lishui CHN"]
[Date "2009.09.18"]
[Round "2"]
[White "Wei Yi"]
[Black "Lou Yiping"]
[Result "1/2-1/2"]
[WhiteElo "2207"]
[BlackElo "2398"]

1.e4 e6 2.d4 d5 3.Nd2 c5 4.exd5 Qxd5 5.Ngf3 cxd4 6.Bc4 Qd6 7.O-O Nf6 8.Nb3 Nc6
9.Nbxd4 Nxd4 10.Nxd4 a6 11.c3 Qc7 12.Qe2 Bd7 13.g3 O-O-O 14.Bf4 Bd6 15.Bxd6 Qxd6
16.Nf3 Qc7 17.Ne5 Be8 18.b4 Nd7 19.Nxd7 Bxd7 20.Bd3 h5 21.c4 h4 22.b5 Qc5
23.Qf3 hxg3 24.hxg3 f5 25.Rfe1 Rh6 26.Bf1 e5 27.bxa6 Rxa6 28.Qd5 Qxd5 29.cxd5 Ra5
30.Rxe5 Re8 31.Rxe8+ Bxe8 32.Re1 Kd8 33.Bc4 Bf7 34.f4 Rc5 35.Bb3 Kd7 36.Re5 g6
37.g4 fxg4 38.Rg5 b6 39.Kf2 Kd6 40.Rxg4 Rc3 41.Rg5 Rh3 42.f5 gxf5 43.Rxf5 Be8
44.Rf6+ Kc5 45.Rf8 Bb5 46.Rf6 Rd3 47.Ke1 Rd4 48.Kf2 Ba4 49.Ke1  1/2-1/2

[Event "XingQiu Open"]
[Site "Lishui CHN"]
[Date "2009.09.19"]
[Round "3"]
[White "Xiu Deshun"]
[Black "Wei Yi"]
[Result "1/2-1/2"]
[WhiteElo "2494"]
[BlackElo "2207"]

1.d4 d5 2.c4 e6 3.Nc3 c5 4.cxd5 exd5 5.Nf3 Nc6 6.g3 Nf6 7.Bg2 Be7 8.O-O O-O
9.Bg5 c4 10.Ne5 Be6 11.b3 h6 12.Bxf6 Bxf6 13.Nxc6 bxc6 14.bxc4 dxc4 15.e3 Rc8
16.Qc2 Qa5 17.Ne4 Qa6 18.Nd2 Be7 19.Rfc1 Ba3 20.Rcb1 Rfd8 21.Bf1 c5 22.d5 Bxd5
23.Bxc4 Qf6 24.Bxd5 Rxd5 25.Nc4 Rcd8 26.Rf1 Bb4 27.a3 Bc3 28.Rad1 Rxd1 29.Rxd1 Rxd1+
30.Qxd1 Qf5 31.Qb3 Bf6 32.Nd6 Qd7 33.Qd5 Bd8 34.e4 Bb6 35.Kg2 Kf8 36.Kf3 Bc7
37.Nc4 Qxd5 38.exd5 Ke7 39.Ke4 g6 40.Kd3 f5 41.h4 h5 42.f4 Kf6 43.Nd2 Ba5
44.Nf3 Ke7 45.Ne5 Be1 46.Nxg6+ Kd6 47.Kc4 Bxg3 48.a4 a6 49.a5 Bh2 50.Ne5 Bxf4
51.Nd3 Be3 52.Ne1 Bd2 53.Nd3 Be3 54.Ne1 f4 55.Nf3 Bf2 56.Ng5 Bxh4 57.Ne4+ Ke5
58.Nxc5 Be7 59.Nxa6 f3 60.Kd3 Kxd5 61.Ke3  1/2-1/2

[Event "XingQiu Open"]
[Site "Lishui CHN"]
[Date "2009.09.20"]
[Round "4"]
[White "Wei Yi"]
[Black "Ma Qun"]
[Result "1/2-1/2"]
[WhiteElo "2207"]
[BlackElo "2337"]

1.e4 c5 2.Nf3 d6 3.d4 cxd4 4.Nxd4 Nf6 5.Nc3 e6 6.Be2 a6 7.O-O Qc7 8.f4 Be7
9.a4 O-O 10.Be3 Nc6 11.Kh1 Bd7 12.Qe1 Nb4 13.Qg3 Rac8 14.e5 Nfd5 15.f5 Kh8
16.Nxd5 Nxd5 17.c4 Nxe3 18.f6 Rg8 19.Qxe3 dxe5 20.fxe7 exd4 21.Qxd4 Be8 22.Qh4 f5
23.Ra3 Qe5 24.Rh3 h6 25.Bd3 Qxb2 26.Qg5 Qf6 27.Qxf6 gxf6 28.Rxf5 exf5 29.Bxf5 Bg6
30.Rxh6+ Kg7 31.Rxg6+ Kf7 32.Bxc8 Rxg6 33.Bxb7 a5 34.Kg1 Kxe7 35.Bc6 Kd6
36.Bb5 Rg4 37.Kf2 Rd4 38.Kf3 Rd3+ 39.Ke4  1/2-1/2

[Event "6th TCh-CHN"]
[Site "Ningbo CHN"]
[Date "2010.04.16"]
[Round "1"]
[White "Wei Yi"]
[Black "Zhao Jun"]
[Result "0-1"]
[WhiteElo "2244"]
[BlackElo "2575"]

1.e4 c5 2.Nf3 Nc6 3.d4 cxd4 4.Nxd4 Nf6 5.Nc3 e5 6.Ndb5 d6 7.Nd5 Nxd5 8.exd5 Nb8
9.c4 Be7 10.Be2 Nd7 11.O-O O-O 12.Kh1 f5 13.f4 a6 14.Nc3 Bf6 15.Qc2 g6 16.Be3 Re8
17.Rae1 exf4 18.Bxf4 Ne5 19.b4 Bd7 20.Qb3 Rc8 21.Rc1 b6 22.Rc2 g5 23.Bd2 Bg7
24.c5 bxc5 25.bxc5 dxc5 26.Qb7 f4 27.Qxa6 Ra8 28.Qb7 Bf5 29.Rb2 c4 30.d6 Qxd6
31.Nb5 Qd8 32.Bc3 Rb8 33.Bxc4+ Be6 34.Bxe6+ Rxe6 35.Qc7 Rc6 36.Qxd8+ Rxd8
37.Re2 Rd5 38.Bxe5 Bxe5 39.Na3 Kg7 40.Nc2 Rc4 41.a3 Bf6 42.Nb4 Ra5 43.Rc2 Re4
44.Rc7+ Kg6 45.Rc6 Kf7 46.Rc7+ Re7 47.Rxe7+ Bxe7 48.Nc6 Rxa3 49.Ne5+ Ke6
50.Nf3 Bf6 51.h3 h5 52.Nh2 Kf5 53.Rb1 Ra5 54.Rf1 g4 55.hxg4+ hxg4 56.g3 Be5
57.Kg1 Ra2 58.Kh1 Bd6 59.Kg1 Bc5+ 60.Kh1 Bf2 61.gxf4 g3 62.Nf3 Kg4 63.Ne1 Ra1  0-1

[Event "TCh-CHN"]
[Site "Shanghai CHN"]
[Date "2010.07.26"]
[Round "9"]
[White "Ni Hua"]
[Black "Wei Yi"]
[Result "1-0"]
[WhiteElo "2667"]
[BlackElo "2244"]

1.e4 c5 2.Nf3 d6 3.d4 cxd4 4.Nxd4 Nf6 5.Nc3 a6 6.Be3 e5 7.Nb3 Be6 8.Qd2 Be7
9.O-O-O Nbd7 10.f4 Ng4 11.g3 Nxe3 12.Qxe3 O-O 13.Kb1 b5 14.f5 Bxb3 15.cxb3 Nb6
16.h4 b4 17.Nd5 Nxd5 18.Rxd5 a5 19.g4 Qc7 20.g5 a4 21.Bc4 Ra5 22.f6 Bd8 23.h5 Rxd5
24.Bxd5 axb3 25.Bxb3 Qb6 26.Qf3 Kh8 27.fxg7+ Kxg7 28.g6 Bg5 29.gxf7 Qe3 30.Qxe3 Bxe3
31.Kc2  1-0

[Event "TCh-CHN"]
[Site "Shanghai CHN"]
[Date "2010.07.26"]
[Round "9"]
[White "Ni Hua"]
[Black "Wei Yi"]
[Result "1-0"]
[WhiteElo "2667"]
[BlackElo "2244"]

1.e4 c5 2.Nf3 d6 3.d4 cxd4 4.Nxd4 Nf6 5.Nc3 a6 6.Be3 e5 7.Nb3 Be6 8.Qd2 Be7
9.O-O-O Nbd7 10.f4 Ng4 11.g3 Nxe3 12.Qxe3 O-O 13.Kb1 b5 14.f5 Bxb3 15.cxb3 Nb6
16.h4 b4 17.Nd5 Nxd5 18.Rxd5 a5 19.g4 Qc7 20.g5 a4 21.Bc4 Ra5 22.f6 Bd8 23.h5 Rxd5
24.Bxd5 axb3 25.Bxb3 Qb6 26.Qf3 Kh8 27.fxg7+ Kxg7 28.g6 Bg5 29.gxf7 Qe3 30.Qxe3 Bxe3
31.Kc2 h6 32.Bd5 Rb8 33.Rh3 Bf4 34.a4 bxa3 35.bxa3 Kf8 36.a4 Rc8+ 37.Rc3  1-0

[Event "TCh-CHN"]
[Site "Guangzhou CHN"]
[Date "2010.09.11"]
[Round "11"]
[White "Liang Jinrong"]
[Black "Wei Yi"]
[Result "1-0"]
[WhiteElo "2462"]
[BlackElo "2244"]

1.e4 c5 2.Nf3 d6 3.d4 cxd4 4.Nxd4 Nf6 5.f3 e5 6.Nb3 d5 7.Bg5 Be6 8.Bxf6 gxf6
9.Bb5+ Nc6 10.exd5 Qxd5 11.Qxd5 Bxd5 12.Nc3 O-O-O 13.Nxd5 Rxd5 14.Bc4 Rd7
15.c3 Bh6 16.Rd1 Rhd8 17.Ke2 f5 18.Rxd7 Rxd7 19.Rd1 Re7 20.Rd6 Bg7 21.Bb5 Kc7
22.Rd5 Nd8 23.Bd3 e4 24.Bc2 Be5 25.g3 f4 26.Bxe4 fxg3 27.hxg3 Bxg3 28.Rh5 Ne6
29.Rxh7 Bd6 30.Ke3 a6 31.a4 Ng5 32.Rh5 Re5 33.Nd4 Nxf3 34.Rxe5 Nxe5 35.Bd5 Nc6
36.Nf5 Ne7 37.Nxe7 Bxe7 38.Bxf7 a5 39.Kd3 b6  1-0

[Event "TCh-CHN"]
[Site "Guangzhou CHN"]
[Date "2010.10.14"]
[Round "14"]
[White "Wei Yi"]
[Black "Zeng Chongsheng"]
[Result "1/2-1/2"]
[WhiteElo "2244"]
[BlackElo "2350"]

1.e4 c5 2.Nf3 e6 3.d4 cxd4 4.Nxd4 a6 5.Bd3 Bc5 6.Nb3 Ba7 7.O-O Nc6 8.c4 d6
9.Nc3 Nge7 10.Kh1 O-O 11.f4 f5 12.Qe2 e5 13.Nd5 Nxd5 14.cxd5 Nd4 15.Nxd4 Bxd4
16.Be3 Qb6 17.Bxd4 Qxd4 18.exf5 Bxf5 19.Bxf5 Rxf5 20.Rad1 Qb6 21.fxe5 Rxe5
22.Qf3 h6 23.Qf7+ Kh8 24.Rf6 Qxb2 25.Qg6 Kg8 26.Qf7+ Kh7 27.Qg6+ Kh8 28.Rdf1 Rg8
29.Rxd6 Qf2 30.Qb1 Qc5 31.Qb6 Qxb6 32.Rxb6 Rxd5 33.Rxb7 Rd2 34.a4  1/2-1/2

[Event "TCh-CHN"]
[Site "Guangzhou CHN"]
[Date "2010.10.15"]
[Round "15"]
[White "Xiu Deshun"]
[Black "Wei Yi"]
[Result "1/2-1/2"]
[WhiteElo "2493"]
[BlackElo "2244"]

1.e4 c5 2.Nc3 d6 3.f4 Nc6 4.Nf3 g6 5.d4 cxd4 6.Nxd4 Bg7 7.Be3 Nf6 8.Be2 O-O
9.Nb3 Be6 10.g4 d5 11.f5 Bc8 12.exd5 Nb4 13.Qd2 Nfxd5 14.Nxd5 Qxd5 15.O-O-O Qxd2+
16.Bxd2 a5 17.Nxa5 Nxa2+ 18.Kb1 Nc3+ 19.Bxc3 Bxc3 20.Nc4 Bf6 21.Rhf1 Ra6
22.Ne3 Rb6 23.Nc4 Rc6 24.c3 gxf5 25.gxf5 Rc5 26.Bd3 Rd8 27.Ne3 Kh8 28.Bc2 Rxd1+
29.Rxd1 Bg5 30.Nd5 e6 31.Nb6 exf5 32.Nxc8 Rxc8 33.Rd7 Bf4 34.Rxb7 Rc7 35.Rxc7 Bxc7
36.h3 Kg7 37.Bxf5 h6 38.Kc2 Kf6 39.Bc8 Ke5 40.Kd3 Kd5 41.b4 Kc6 42.Bg4 Bd6
43.Kc4 Be7 44.Bf3+ Kb6 45.Kd5 Bf8 46.Bg4 Kc7 47.Bh5 f5 48.Be2 f4 49.Bf3 Be7
50.Ke6 Bh4 51.c4 Be1 52.b5 Kb6 53.Kf5 Bh4 54.Kg4 Bg5 55.h4 Bd8 56.Be2 Be7
57.Bf3 Kc5 58.h5  1/2-1/2

[Event "WY Boys-U12"]
[Site "Porto Carras GRE"]
[Date "2010.10.20"]
[Round "1.3"]
[White "Wei Yi"]
[Black "Striechman,Orri"]
[Result "1-0"]
[WhiteElo "2238"]
[BlackElo "1797"]

1.e4 e5 2.Nf3 Nc6 3.Nc3 Nf6 4.Bb5 Bb4 5.O-O d6 6.Nd5 Ba5 7.d4 Nxe4 8.b4 Bb6
9.Re1 f5 10.Nxb6 axb6 11.d5 Nc3 12.Qd3 Nxb5 13.Qxb5 Qd7 14.dxc6 bxc6 15.Qc4 Ba6
16.Qb3 O-O-O 17.a4 h6 18.Bb2 g5 19.Rad1 Qh7 20.Qc3 g4 21.Nh4 f4 22.Qxc6 Bb7
23.Qc4 g3 24.hxg3 fxg3 25.fxg3 Rhg8 26.Kh2 d5 27.Qe2 Rde8 28.Bxe5 Rg5 29.Nf3 Rh5+
30.Kg1 d4 31.g4 Bxf3 32.Qxf3  1-0

[Event "WY Boys-U12"]
[Site "Porto Carras GRE"]
[Date "2010.10.21"]
[Round "2.3"]
[White "Bakalchuk,Johnatan"]
[Black "Wei Yi"]
[Result "0-1"]
[WhiteElo "1944"]
[BlackElo "2238"]

1.e4 c5 2.Nf3 d6 3.d4 cxd4 4.Nxd4 Nf6 5.Nc3 a6 6.Be2 e5 7.Nb3 Be7 8.O-O O-O
9.Kh1 b6 10.Be3 Bb7 11.f3 Nbd7 12.Rf2 b5 13.a3 Rc8 14.Bf1 Nb6 15.Rd2 Nfd7
16.Qe1 f5 17.exf5 Nc4 18.Bxc4+ bxc4 19.Nc1 Rxf5 20.N1e2 Qf8 21.Ng3 Bh4 22.Kg1 Rf6
23.Rad1 Rg6 24.Qf2 Kh8 25.a4 h6 26.a5 Kh7 27.Nd5 Rb8 28.Qe2 Bxg3 29.hxg3 Rxg3
30.Bf2 Rg6 31.Kf1 Rc8 32.Bh4 Re6 33.Qe4+ Kh8 34.Qg4 Qf7 35.Ne3 Rc6 36.Nf5 Nf6
37.Bxf6 Qxf6 38.Nxg7 Re7 39.Nh5 Qe6 40.Qg3 Rf7 41.Kg1 Kh7 42.Qh4 Qg6 43.Ng3 Rf4
44.Qe7+ Rf7 45.Qh4 Rg7 46.Kh2 c3 47.bxc3 d5 48.Nh5 Qg5 49.Qxg5 Rxg5 50.Ng3 Rxc3
51.Rb1 Rc7 52.Rb6 Rcg7 53.Nf1 d4 54.Re2 Bxf3 55.Rf2 Bxg2  0-1

[Event "WY Boys-U12"]
[Site "Porto Carras GRE"]
[Date "2010.10.22"]
[Round "3.2"]
[White "Wei Yi"]
[Black "Xu,Yi"]
[Result "1/2-1/2"]
[WhiteElo "2238"]
[BlackElo "2039"]

1.e4 c5 2.Nf3 Nc6 3.Bb5 g6 4.O-O Bg7 5.Re1 e5 6.Bxc6 dxc6 7.d3 Ne7 8.Be3 b6
9.Nbd2 O-O 10.a4 a5 11.Nc4 Qc7 12.b4 axb4 13.a5 bxa5 14.Bxc5 Be6 15.Nfd2 Rfe8
16.Ra4 Nc8 17.Bxb4 Nb6 18.Nxb6 Qxb6 19.Qa1 Qxb4 20.Rxb4 axb4 21.Qb1 c5 22.Nb3 Rec8
23.h3 Ra7 24.Qb2 c4 25.dxc4 Bxc4 26.Nd2 Ra2 27.Qxb4 Rxc2 28.Nxc4 R2xc4 29.Qb5 R4c5
30.Qd3 Rc3 31.Qd1 Rc2 32.Qf3 R2c6 33.g3 Bf8 34.Re2 Bc5 35.Kg2 Bd4 36.Qb3 Rc3
37.Qa2 Rb8 38.Qd5 Rcb3 39.f4 R3b5  1/2-1/2

[Event "WY Boys-U12"]
[Site "Porto Carras GRE"]
[Date "2010.10.23"]
[Round "4.5"]
[White "Abramciuc,Marius"]
[Black "Wei Yi"]
[Result "0-1"]
[WhiteElo "2006"]
[BlackElo "2238"]

1.e4 c5 2.Nc3 d6 3.d3 Nc6 4.f4 g6 5.Nf3 Bg7 6.g3 e6 7.Bg2 Nge7 8.O-O O-O
9.Ne2 d5 10.e5 f6 11.exf6 Bxf6 12.c3 Qb6 13.Re1 Bd7 14.Qc2 Rac8 15.Be3 Nd4
16.Qd2 Nxf3+ 17.Bxf3 d4 18.Bf2 Bc6 19.Be4 e5 20.c4 exf4 21.Nxf4 Bg5 22.Qe2 Bxf4
23.Bxc6 Qxc6 24.Qxe7 Rce8 25.Qh4 Be3 26.Bxe3 dxe3 27.Re2 Qd6 28.Rd1 Qd4 29.Qxd4 cxd4
30.Rf1 g5 31.h3 Kg7 32.b4 h5 33.Rxf8 Rxf8 34.Kg2 Kf6 35.a3 Ke5 36.Rc2 Rf6
37.Re2 Kd6 38.Rc2 Kc6 39.Re2 g4 40.h4 b5 41.c5 Kc7 42.Kg1 Ra6 43.Ra2 Ra4
44.Kf1 Kc6 45.Ke2 a5 46.bxa5 Rxa5 47.Kd1 Ra4 48.Kc2 b4 49.Rb2 bxa3 50.Ra2 Kxc5
51.Kb3 Ra8 52.Rc2+ Kd5 53.Ka2 Re8 54.Re2 Rc8  0-1

[Event "WY Boys-U12"]
[Site "Porto Carras GRE"]
[Date "2010.10.24"]
[Round "5.3"]
[White "Wei Yi"]
[Black "Karthikeyan,M2"]
[Result "1-0"]
[WhiteElo "2238"]
[BlackElo "2059"]

1.e4 c5 2.Nf3 e6 3.d4 cxd4 4.Nxd4 Nf6 5.Nc3 Nc6 6.Nxc6 bxc6 7.e5 Nd5 8.Ne4 Qc7
9.f4 Qb6 10.Bd3 Be7 11.c4 f5 12.Ng5 Ne3 13.Qf3 Nd5 14.Qd1 Ne3 15.Qf3 Qb4+
16.Ke2 Nxc4 17.Nxe6 dxe6 18.Qxc6+ Kf7 19.Qxc4 Qb7 20.Rg1 Qb6 21.Bd2 Rd8 22.Be3 Qxb2+
23.Qc2 Qa3 24.Bc4 g6 25.Qb3 Ba6 26.Rac1 Qa5 27.Bxa6 Qxa6+ 28.Qc4 Qa5 29.Kf3 Rac8
30.Qxc8 Rxc8 31.Rxc8 Qd5+ 32.Kg3 Qxa2 33.Rc3 Qe2 34.h3 a5 35.Rgc1 a4 36.R1c2 Qb5
37.Rc7 a3 38.Rd2 Qb3 39.Kf2 a2 40.Bc5 g5 41.Rxe7+ Kg6 42.Bd4 gxf4 43.Ra7 Qg3+
44.Kf1 f3 45.Raxa2 Kh5 46.Kg1 f4 47.Rf2 fxg2 48.Rxg2 Qd3 49.Rad2 Qe4 50.Kh2 f3
51.Rg4 Qe1 52.Rf2 Qd1 53.Be3 h6 54.Rf4 Qd5 55.Bd4 Qc4 56.R2xf3 Qe2+ 57.Rf2 Qd1
58.Be3 Qe1 59.Re4 Qb1 60.Rd4 Qe1 61.Rd3 Qa1 62.Bf4 Qa4 63.Rd8 Qa7 64.Rg2 Qh7
65.Rf8 Qe4 66.Bxh6 Qxe5+ 67.Bf4 Qc3 68.Rf7 Qd3 69.Rf6  1-0

[Event "WY Boys-U12"]
[Site "Porto Carras GRE"]
[Date "2010.10.24"]
[Round "6.1"]
[White "Duda,J"]
[Black "Wei Yi"]
[Result "1/2-1/2"]
[WhiteElo "2247"]
[BlackElo "2238"]

1.e4 c5 2.Nf3 d6 3.d4 cxd4 4.Nxd4 Nf6 5.Nc3 a6 6.Be2 e5 7.Nb3 Be7 8.O-O O-O
9.a4 b6 10.Re1 Bb7 11.Bf3 Nbd7 12.Be3 Rc8 13.Nd2 Qc7 14.Nf1 Rfe8 15.Ng3 g6
16.Re2 Qb8 17.Qd2 Rc6 18.Bh6 Kh8 19.Nd5 Nxd5 20.Qxd5 Kg8 21.Qd2 Nc5 22.Re3 Ne6
23.c3 Bf8 24.Bxf8 Rxf8 25.Bd1 Kh8 26.Bb3 Nc5 27.Ba2 f5 28.exf5 gxf5 29.f4 Rcc8
30.Rf1 Ne4 31.Nxe4 Bxe4 32.Bd5 Bxd5 33.Qxd5 Rc5 34.Qd3 Rf6 35.b4 exf4 36.Rxf4 Re5
37.Rxe5 dxe5 38.Rxf5 Rxf5 39.Qxf5 Qd6 40.Qc8+ Kg7 41.Qb7+ Kg6 42.Qxa6 Qd1+
43.Qf1 Qd2 44.Qb1+ Kh6 45.Qf5 Qe1+ 46.Qf1 Qe3+ 47.Kh1 Kg7 48.a5 bxa5 49.bxa5 e4
50.Qg1 Qxc3 51.a6 e3 52.a7 Qa3 53.a8=Q Qxa8 54.Qxe3 Qa1+ 55.Qg1 Qe5 56.h3 h5
57.Qf2 Qe4 58.Qg3+ Kh6 59.Qd6+ Kg5 60.Qd8+ Kg6 61.Qg8+ Kh6 62.Qf8+ Kg6 63.Qf3 Qe1+
64.Kh2 h4 65.Qg4+ Kf6 66.Qd4+ Kf5 67.Qd7+ Kg6 68.Qc6+ Kf5 69.Qc8+ Kg6 70.Qc5 Qg3+
71.Kh1 Qe1+  1/2-1/2

[Event "WY Boys-U12"]
[Site "Porto Carras GRE"]
[Date "2010.10.26"]
[Round "7.2"]
[White "Wei Yi"]
[Black "Tatekhin,V"]
[Result "1/2-1/2"]
[WhiteElo "2238"]
[BlackElo "2113"]

1.e4 c5 2.Nf3 d6 3.d4 cxd4 4.Nxd4 Nf6 5.Nc3 e6 6.Be2 Be7 7.O-O O-O 8.f4 Nc6
9.Be3 e5 10.Nf5 Bxf5 11.exf5 exf4 12.Rxf4 d5 13.Bf2 Qd7 14.g4 d4 15.Nb5 Nd5
16.Rf3 Bc5 17.Nxd4 Nf6 18.Nb3 Bxf2+ 19.Rxf2 Qc7 20.Bf3 Rad8 21.Qc1 Nd4 22.Nxd4 Rxd4
23.c3 Rf4 24.h3 Ne4 25.Bxe4 Rxe4 26.Qf1 Rfe8 27.Rd1 Re3 28.Kh1 Qc6+ 29.Kh2 Qc7+
30.Kh1 Qc6+ 31.Qg2 Rxh3+ 32.Kg1 Qh6 33.Rf3 Qb6+ 34.Rf2 Rhe3 35.Qh2 Re2 36.Kf1 Rxf2+
37.Qxf2 Qa6+ 38.Kg1 Qxa2 39.Qe3 Qa4 40.Qd4 Qc6 41.Kf2 h6 42.b4 a6 43.Re1 Rxe1
44.Kxe1  1/2-1/2

[Event "WY Boys-U12"]
[Site "Porto Carras GRE"]
[Date "2010.10.27"]
[Round "8.3"]
[White "Colas,Joshua"]
[Black "Wei Yi"]
[Result "0-1"]
[WhiteElo "2068"]
[BlackElo "2238"]

1.d4 d5 2.c4 e6 3.Nc3 f5 4.Nf3 c6 5.g3 Nf6 6.Bg2 Bd6 7.O-O O-O 8.b3 Nbd7
9.Bb2 Ne4 10.e3 b6 11.Rc1 Ba6 12.Ne2 Rc8 13.Nd2 Ndf6 14.f3 Nxd2 15.Qxd2 dxc4
16.bxc4 c5 17.d5 exd5 18.cxd5 Bb8 19.e4 Qe7 20.Bh3 Rcd8 21.Bxf6 Rxf6 22.Bg2 Bxe2
23.Qxe2 f4 24.g4 Be5 25.Rcd1 Rh6 26.h3 Rdd6 27.Qa6 Qd7 28.a4 Rh4 29.Qb5 Qc8
30.Qc4 h5 31.Kf2 a6 32.Rb1 hxg4 33.fxg4 Kh8 34.Rb3 Rhh6 35.Rfb1 Rdg6 36.Rc1 Kh7
37.Rc2 Qd8 38.Qxa6 b5 39.Qxb5 Rb6 40.Qd3 Rxb3 41.Qxb3 Rb6 42.Qf3 Rb1 43.g5 c4
44.Qh5+ Kg8 45.Qg6 Qb8 46.Qe6+ Kh7 47.Qf7 f3 48.Kxf3 Qb3+ 49.Kg4 Qg3+ 50.Kh5 Rb6
51.Rf2 c3 52.h4 c2 53.Bh3 Qxf2 54.g6+ Rxg6 55.Qxg6+ Kg8 56.Qe6+ Qf7+ 57.Qg6 Qf2
58.Qe8+  0-1

[Event "WY Boys-U12"]
[Site "Porto Carras GRE"]
[Date "2010.10.28"]
[Round "9.1"]
[White "Troff,Kayden W"]
[Black "Wei Yi"]
[Result "0-1"]
[WhiteElo "2216"]
[BlackElo "2238"]

1.d4 Nf6 2.c4 e6 3.Nf3 d5 4.g3 dxc4 5.Bg2 a6 6.O-O Nc6 7.Nc3 Bb4 8.Qc2 O-O
9.Rd1 h6 10.e4 b5 11.d5 exd5 12.Nxd5 Nxd5 13.exd5 Ne7 14.Nd4 Bg4 15.Rf1 c5
16.Qe4 Bh5 17.Nc6 Nxc6 18.dxc6 Re8 19.Qf4 g5 20.Qf5 Qd3 21.Qxd3 cxd3 22.a3 Ba5
23.b4 cxb4 24.Bd2 Re2 25.Bxb4 Bxb4 26.axb4 Rc2 27.f3 d2 28.Rfd1 Rd8 29.g4 Bg6
30.f4 gxf4 31.Kf2 Rc3 32.Ke2 Bc2 33.h4 Rd6 34.g5 hxg5 35.hxg5 Kg7 36.Rf1 d1=Q+
37.Rfxd1 Bxd1+ 38.Rxd1 Re3+ 39.Kf2 Rxd1 40.c7 Rc1  0-1

[Event "WY Boys-U12"]
[Site "Porto Carras GRE"]
[Date "2010.10.29"]
[Round "10.1"]
[White "Wei Yi"]
[Black "Petrosyan,M"]
[Result "1-0"]
[WhiteElo "2238"]
[BlackElo "1990"]

1.e4 c5 2.Nf3 e6 3.d4 cxd4 4.Nxd4 Nf6 5.Nc3 d6 6.Be3 Be7 7.f3 Nc6 8.Qd2 d5
9.Bb5 Bd7 10.exd5 exd5 11.O-O-O O-O 12.g4 Nxd4 13.Bxd4 Bc6 14.Kb1 Nd7 15.Rhe1 Bc5
16.Bxc5 Nxc5 17.Nxd5 Bxd5 18.Qxd5 Qb6 19.Bc4 Rac8 20.f4 Na4 21.Bb3 Nc5 22.Qd4 Rcd8
23.Bd5 Rd7 24.c4 a5 25.f5 a4 26.a3 Qc7 27.g5 Nb3 28.Qh4 Qb6 29.Rd3 Rxd5 30.cxd5 Qb5
31.Rh3 Nd2+ 32.Ka1 h6 33.gxh6 Nb3+ 34.Rxb3  1-0

[Event "WY Boys-U12"]
[Site "Porto Carras GRE"]
[Date "2010.10.30"]
[Round "11.1"]
[White "Wei Yi"]
[Black "Ghosh,D"]
[Result "1-0"]
[WhiteElo "2238"]
[BlackElo "2193"]

1.e4 e5 2.Nf3 Nc6 3.Nc3 Nf6 4.Bb5 Bb4 5.O-O O-O 6.d3 d6 7.Bg5 Bxc3 8.bxc3 Qe7
9.Re1 Nd8 10.d4 Ne6 11.Bc1 c6 12.Bf1 Qc7 13.Nh4 Rd8 14.Nf5 g6 15.Nh6+ Kg7
16.g3 d5 17.exd5 Nxd5 18.dxe5 Qe7 19.Qf3 f5 20.exf6+ Qxf6 21.Qxf6+ Nxf6 22.c4 Re8
23.Bb2 Nc7 24.h3 g5 25.Ng4 Bxg4 26.hxg4 Kf7 27.Bd3 Ne6 28.Kg2 Nc5 29.Bf5 Na4
30.Bxf6 Kxf6 31.Rh1 Ke5 32.Rxh7 Nc5 33.c3 Rh8 34.Re1+ Kf6 35.Rhe7 Rad8 36.R7e5 b6
37.Bb1 Rh6 38.Rf5+ Kg7 39.Rxg5+ Kh8 40.Rh5 Rxh5 41.gxh5 Kg7 42.g4 Kf6 43.f4 Rd6
44.g5+ Kf7 45.h6  1-0

[Event "TCh-CHN"]
[Site "Beijing CHN"]
[Date "2010.11.03"]
[Round "17"]
[White "Wan Yunguo"]
[Black "Wei Yi"]
[Result "1-0"]
[WhiteElo "2424"]
[BlackElo "2244"]

1.e4 c5 2.Nf3 d6 3.d4 cxd4 4.Nxd4 Nf6 5.Nc3 a6 6.a4 e6 7.Be2 Be7 8.O-O O-O
9.f4 Nc6 10.Be3 e5 11.Nb3 exf4 12.Rxf4 Be6 13.Nd5 Bxd5 14.exd5 Ne5 15.Qd2 Rc8
16.Raf1 Nfd7 17.Nd4 g6 18.b3 Bf6 19.Bg4 Bg7 20.Bh3 Rc7 21.R4f2 Nc5 22.Bg5 Qb8
23.Re2 Re8 24.Bf6 Bxf6 25.Rxf6 Qd8 26.Qf4 Qe7 27.Re1 h5 28.Rf1 Ng4 29.Bxg4 hxg4
30.Ne6 Rd7 31.Qh6 fxe6 32.Qxg6+ Kh8 33.Qh5+  1-0

[Event "Chinese League"]
[Site "Ningbo CHN"]
[Date "2011.04.13"]
[Round "2"]
[White "Wei Yi"]
[Black "Li Haoyu"]
[Result "1-0"]
[WhiteElo "2270"]
[BlackElo "2386"]

1.e4 c5 2.Nf3 d6 3.d4 cxd4 4.Nxd4 Nf6 5.Nc3 g6 6.Be3 Bg7 7.f3 O-O 8.Qd2 Nc6
9.Bc4 Bd7 10.O-O-O Rb8 11.Bb3 Na5 12.Bh6 Bxh6 13.Qxh6 b5 14.h4 e5 15.Nde2 b4
16.Nd5 Nxb3+ 17.axb3 Nxd5 18.Rxd5 Be6 19.h5 g5 20.Nd4 Rb6 21.Nxe6 fxe6 22.Qxe6+ Kh8
23.Rhd1 Qf6 24.Qd7 Rf7 25.Qa4 Rc7 26.h6 Re7 27.Rb5 Rxb5 28.Qxb5 Qxh6 29.Qxb4 Rd7
30.Qb8+ Kg7 31.Qe8 Rf7 32.Qd8 g4+ 33.Kb1 g3 34.Rxd6 Qf4 35.Rd1 h6 36.Rh1 Kh7
37.Qd3 Qf6 38.Qd5 Re7 39.Rh3 Qg5 40.Qd6 Rf7 41.Rh1 h5 42.Qd5 Kg7 43.Qe6 h4
44.Qh3 Rf4 45.Rd1 Rf7 46.Rd5 Kh7 47.Rd3 Kg7 48.b4 Rf6 49.Rd7+ Rf7 50.Rd5 Kh7
51.Rd1 Kg7 52.Qe6 Re7 53.Qc8 Qg6 54.Qh3 Qg5 55.Rh1  1-0

[Event "Chinese League"]
[Site "Ningbo CHN"]
[Date "2011.04.14"]
[Round "3"]
[White "Zhou Jianchao"]
[Black "Wei Yi"]
[Result "1-0"]
[WhiteElo "2660"]
[BlackElo "2270"]

1.d4 Nf6 2.c4 e6 3.Nc3 Bb4 4.Qc2 O-O 5.a3 Bxc3+ 6.Qxc3 b6 7.Bg5 Bb7 8.f3 h6
9.Bh4 d5 10.e3 Nbd7 11.cxd5 Nxd5 12.Bxd8 Nxc3 13.Bh4 Nd5 14.Kf2 f5 15.Bc4 Rae8
16.Ne2 g5 17.Bg3 f4 18.exf4 gxf4 19.Bh4 Ne3 20.Rhc1 Nxc4 21.Rxc4 c5 22.dxc5 Nxc5
23.Nxf4 Ne4+ 24.Rxe4 Bxe4 25.Nh5 Rc8 26.Nf6+ Rxf6 27.Bxf6 Rc2+ 28.Kg3 Bd5
29.Rd1 Rc4 30.Bc3 Kf7 31.Kf2 Kg6 32.g4 h5 33.Kg3 Rc7 34.h3 Rf7 35.Rd3 Rf8
36.f4 Rd8 37.Be5 hxg4 38.hxg4 Rc8 39.Kh4 Rc1 40.f5+ Kf7 41.Kg5 Re1 42.Bb8 a6
43.f6 Rc1 44.Rh3 Be4 45.Rh8 Rc5+ 46.Kf4 Bb1 47.Bd6 Rd5 48.Rf8+ Kg6 49.Be5 Rd7
50.Rb8 b5 51.Rb6 a5 52.Rxb5 a4 53.Rb8 Bc2 54.Rg8+ Kf7 55.Rg7+ Ke8 56.Rxd7 Kxd7
57.Kg5 Ke8 58.Kh6 Kf7 59.g5 Be4 60.b4 axb3 61.a4  1-0

[Event "Chinese League"]
[Site "Chengdu CHN"]
[Date "2011.05.26"]
[Round "4"]
[White "Wei Yi"]
[Black "Bu Xiangzhi"]
[Result "0-1"]
[WhiteElo "2270"]
[BlackElo "2677"]

1.e4 c5 2.Nf3 Nc6 3.Bb5 d6 4.O-O Bd7 5.Re1 Nf6 6.h3 e6 7.c3 Be7 8.d4 O-O
9.Bg5 Nxd4 10.cxd4 Bxb5 11.Nc3 Bc6 12.d5 Bd7 13.Qd2 Re8 14.Rad1 e5 15.Qe2 Rb8
16.a4 a6 17.Nxe5 dxe5 18.d6 Bf8 19.Nd5 Re6 20.f4 h6 21.f5 hxg5 22.fxe6 Bxe6
23.Nxf6+ Qxf6 24.Qe3 Rd8 25.Qxc5 Bb3  0-1

[Event "Chinese League"]
[Site "Chengdu CHN"]
[Date "2011.05.28"]
[Round "6"]
[White "Xiu,D"]
[Black "Wei Yi"]
[Result "1/2-1/2"]
[WhiteElo "2508"]
[BlackElo "2270"]

1.c4 Nf6 2.Nc3 e6 3.d4 Bb4 4.a3 Bxc3+ 5.bxc3 b6 6.f3 d5 7.cxd5 exd5 8.e3 O-O
9.Bd3 c5 10.Ne2 Ba6 11.Bxa6 Nxa6 12.O-O Re8 13.Ng3 Nc7 14.Qd3 Ne6 15.Bb2 Rc8
16.Rad1 Qc7 17.Rf2 c4 18.Qf5 Qe7 19.Bc1 g6 20.Qc2 Ng7 21.Re2 h5 22.Nf1 Rc6
23.Rde1 Re6 24.Nd2 h4 25.g4 hxg3 26.hxg3 Nf5 27.Nf1 Qc7 28.Rg2 Kg7 29.Qf2 Rh8
30.g4 Nh4 31.g5 Ne4 32.fxe4 Nxg2 33.Qxg2 Rxe4 34.Nd2 Reh4 35.Nf3 R4h5 36.Rf1 Qc8
37.Ne5 Rh1+  1/2-1/2

[Event "6th Dvorkovich Cup"]
[Site "Moscow RUS"]
[Date "2011.06.26"]
[Round "1.10"]
[White "Wei Yi"]
[Black "Gabuzyan,H"]
[Result "0-1"]
[WhiteElo "2286"]
[BlackElo "2394"]

1.e4 c5 2.Nf3 d6 3.d4 cxd4 4.Nxd4 Nf6 5.Nc3 a6 6.Be3 e5 7.Nb3 Be6 8.Qd2 Nbd7
9.f4 Be7 10.f5 Bxb3 11.axb3 O-O 12.Be2 b5 13.O-O Qc7 14.b4 Rfc8 15.g4 h6
16.Rfd1 Qb7 17.Bf3 Nb6 18.Qg2 Nc4 19.Bc1 Nh7 20.Nd5 Bg5 21.Qf2 Rc6 22.h4 Bxc1
23.Rdxc1 Rac8 24.Ra2 Nf6 25.Nxf6+ gxf6 26.c3 Kf8 27.Rca1 Ra8 28.Be2 Ke7 29.Kh2 Rcc8
30.b3 Nb6 31.Qf3 Nd7 32.Rd1 Qb6 33.Rad2 Rc6 34.c4 bxc4 35.Bxc4 Qxb4 36.Qd3 Nb6
37.Bxa6 Rc3 38.Qe2 Qxb3 39.Bd3 Nd7 40.Rb2 Qa3 41.Rb7 Ra7 42.Rxa7 Qxa7 43.Rb1 Qa3
44.Bb5 Rh3+ 45.Kg1 Qg3+ 46.Qg2 Qe3+  0-1

[Event "6th Dvorkovich Cup"]
[Site "Moscow RUS"]
[Date "2011.06.26"]
[Round "2.10"]
[White "Gabuzyan,H"]
[Black "Wei Yi"]
[Result "1-0"]
[WhiteElo "2394"]
[BlackElo "2286"]

1.Nf3 Nf6 2.g3 d5 3.Bg2 e6 4.O-O Be7 5.d3 b6 6.Nbd2 Bb7 7.b3 O-O 8.Bb2 c5
9.e4 Nc6 10.Re1 Qc7 11.Qe2 Nd7 12.h4 d4 13.e5 Nb4 14.Nf1 Rae8 15.a3 Nd5 16.b4 Nc3
17.Bxc3 dxc3 18.b5 f6 19.exf6 Bxf6 20.Ne3 Bd4 21.Nxd4 cxd4 22.Nc4 Bxg2 23.Kxg2 Qc5
24.Qe4 Re7 25.a4 Nf6 26.Qe5 Nd5 27.Re2 Rf5 28.Qd6 Qc8 29.Rae1 Qf8 30.Kg1 Rf6
31.Ne5 Re8 32.Qxf8+ Kxf8 33.Nc6 Kf7 34.Nxd4 Nb4 35.Rb1 Nd5 36.Nc6 Rc8 37.Re4 Ne7
38.Ne5+ Ke8 39.Rbe1 Rc5 40.h5 Rf5 41.Ng4 Rxh5 42.Rxe6 Rc7 43.Ne5 Kf8 44.Rd6 g6
45.g4 Rh4 46.f3 h5 47.Nd7+ Kf7 48.Rf6+ Ke8 49.Ne5 hxg4 50.Nxg6 Rh6 51.Rf8+  1-0

[Event "6th Dvorkovich Cup"]
[Site "Moscow RUS"]
[Date "2011.06.27"]
[Round "3.6"]
[White "Bortnik,N"]
[Black "Wei Yi"]
[Result "0-1"]
[WhiteElo "2302"]
[BlackElo "2286"]

1.e4 c5 2.c3 Nf6 3.e5 Nd5 4.d4 e6 5.Nf3 cxd4 6.cxd4 Nc6 7.Bc4 d6 8.O-O Be7
9.Qe2 O-O 10.Nc3 dxe5 11.dxe5 Nxc3 12.bxc3 Qa5 13.Bf4 Qxc3 14.Rac1 Qa5 15.Rfd1 Rd8
16.h4 Bd7 17.Ng5 Be8 18.Rd6 h6 19.Nxe6 fxe6 20.Rxe6 Bf7 21.Rxh6 Rd5 22.Rh5 Rad8
23.Qg4 Nd4 24.Bd3 Bxh5 25.Qxh5 Nf3+ 26.Qxf3 Rxd3 27.Qg4 Qd5 28.Rc7 Bf8 29.h5 Rd7
30.Rc8 Rd1+ 31.Kh2 Rf7 32.e6 Re7 33.Bg5 Rxe6 34.Qf4 Qd6 35.g3 Qxf4 36.Bxf4 Kf7
37.Rc7+ Re7 38.Rc5 Red7 39.Rf5+ Kg8 40.Kg2 Bd6 41.Be3 Rf7 42.Rg5 Be7 43.Rg4 Kh7
44.Bxa7 Rd5 45.h6 Kxh6 46.Be3+ Kh7 47.Re4 Bf6 48.Rb4 Bc3 49.Rb3 Bd2 50.Bb6 Rf6
51.a4 Ba5 52.Be3 b6 53.g4 Rc6 54.Rb1 Rc4 55.f3 Rxa4 56.Bxb6 Ra2+ 57.Kg3 Bxb6
58.Rxb6 g6 59.Rf6 Rdd2 60.f4 Rd3+  0-1